| 000 | 01869ngm a22004450a 4500 | ||
|---|---|---|---|
| 001 | PT45080 | ||
| 003 | AR-LpoUNG | ||
| 005 | 20210201235949.0 | ||
| 007 | vd cvaizq | ||
| 008 | 191001s2008||||ag |||||||||||||||||spa d | ||
| 040 |
_aAR-LpoUNG _bspa _cAR-LpoUNG _eaacr |
||
| 041 | _aspa | ||
| 044 | _aag | ||
| 082 | 0 | _a982.065 454hue | |
| 100 | 1 | _aAlonso, Juan Manuel | |
| 245 | 1 | 0 |
_aHuellas del exilio : _bcuatro miradas |
| 250 | _a1ª ed. | ||
| 260 |
_aBuenos Aires : _bUniversidad Nacional de General Sarmiento, _c2008. |
||
| 300 | _aDVD (40 min.) : son., col. | ||
| 505 | 0 | _aGrupo de realización: cámaras: Gisela Ederle. Edición: Leandro R. González. Producción: María Ester Méndez. Realizado en el marco de la asignatura Taller 3, Programación y Producción de Medios Audiovisuales. Licenciatura en Comunicación. Instituto de Desarrollo Humano. | |
| 520 | _aEn la década del 70', el país se encontró convulsionado por una violencia política y social que desencadenó en el golpe de Estado más cruel de su historia. Gran cantidad de intelectuales argentinos debieron abandonar el territorio bajo amenazas de muerte. Este documental recoge los testimonios de cuatro profesores de la Universidad Nacional de General Sarmiento, que aportan una nueva mirada sobre la significación del exilio. | ||
| 650 | 4 | _aARGENTINA | |
| 650 | 4 | _aCENSURA | |
| 650 | 4 | _aDICTADURA | |
| 650 | 4 | _aGOBIERNO MILITAR | |
| 650 | 4 | _aGOLPES DE ESTADO | |
| 650 | 4 | _aHISTORIA POLITICA | |
| 650 | 4 | _aINTELECTUALES | |
| 650 | 4 | _aPROFESORES UNIVERSITARIOS | |
| 650 | 4 | _aREPRESION | |
| 650 | 4 | _aVIOLENCIA | |
| 651 | 4 | _aArgentina | |
| 653 | _aCINE ARGENTINO | ||
| 653 | _aDOCUMENTALES | ||
| 653 | _aDVD | ||
| 653 | _aVIDEOS | ||
| 710 | 2 | _aUniversidad Nacional de General Sarmiento. Instituto de Desarrollo Humano | |
| 905 | _a45080 | ||
| 942 | _cDVD | ||
| 999 |
_c53868 _d53868 |
||